Русская народная мифологическая проза. Истоки и полисемантизм образов: в 3 т.; Т. 1: Былички, бывальщины, легенды, поверья о духах-"хозяевах"

Bibliographic Details
Main Author: Криничная Н. А. Неонила Артемовна
Corporate Author: Академия наук СССР (АН СССР) Карельский научный центр (КарНЦ) Институт языка, литературы и истории
Language:Russian
Published: СПб., Наука, 2001
Subjects:
Format: Book
KOHA link:https://koha.lib.tpu.ru/cgi-bin/koha/opac-detail.pl?biblionumber=31397

MARC

LEADER 00000nam0a2200000 4500
001 31397
005 20231101210032.0
010 |a 5020284742 
035 |a (RuTPU)RU\TPU\book\31674 
035 |a BOOK00000026 
090 |a 31397 
100 |a 20011209d2001 k y0rusy50 ca 
101 0 |a rus 
102 |a RU 
105 |a a z 001zy 
200 1 |a Русская народная мифологическая проза. Истоки и полисемантизм образов  |e в 3 т.  |h Т. 1: Былички, бывальщины, легенды, поверья о духах-"хозяевах"  |f Н. А. Криничная  |g Академия наук СССР (АН СССР), Карельский научный центр (КарНЦ), Институт языка, литературы и истории 
210 |a СПб.  |c Наука  |d 2001 
215 |a 580 с.  |c ил. 
320 |a Предм.-тем. указ.: с. 524-576. 
320 |a Примечания в конце ст. 
606 1 |a Русские  |x (этнология)  |2 stltpush  |3 (RuTPU)RU\TPU\subj\68288  |9 83716 
610 1 |a история 
610 1 |a этнография 
610 1 |a Россия 
610 1 |a русский народ 
610 1 |a мифологические изображения 
610 1 |a духи-хозяева 
610 1 |a баенник 
610 1 |a леший 
610 1 |a водяной 
610 1 |a фольклор 
686 |a Т52(2=411.2)  |v LBC/SL-A  |2 rubbk 
700 1 |a Криничная  |b Н. А.  |g Неонила Артемовна 
712 0 2 |a Академия наук СССР (АН СССР)  |b Карельский научный центр (КарНЦ)  |b Институт языка, литературы и истории  |c (Петрозаводск)  |2 stltpush  |3 (RuTPU)RU\TPU\col\15890 
801 0 |a RU  |b 63413507  |c 20011209  |g PSBO 
801 2 |a RU  |b 63413507  |c 20230628  |g PSBO 
942 |c BK